000 01958cam a2200349 i 4500
999 _c1436
_d1436
001 18925188
003 OSt
005 20221229143722.0
008 160104s2017 mnua j b 001 0 eng
010 _a 2015049411
020 _a9781515717904 (paperback)
040 _aDLC
_beng
_cDLC
_erda
_dDLC
_dKH8
042 _apcc
082 0 0 _a551.2209 BAK
_223
100 1 _aBaker, John R.
_q(John Ronald),
_d1989-
_eAuthor
245 1 4 _aThe world's worst earthquakes /
_cby John R. Baker.
264 1 _aMankato, Minnesota :
_bCapstone Press,
_c2017.
300 _a32 pages :
_bcolor illustrations ;
_c24 cm
336 _atext
_btxt
_2rdacontent
337 _aunmediated
_bn
_2rdamedia
338 _avolume
_bnc
_2rdacarrier
490 0 _aBlazers. The world's worst natural disasters
504 _aIncludes bibliographical references (page 31) and index.
505 0 _aEarth-shaking power -- Disaster in Haiti -- Topping the scale -- History's deadliest quake -- Nepal tragedy -- The Great San Francisco Earthquake -- Chinese landslides -- Record quake in Indonesia -- On shaky ground -- Terror in Turkey -- Good Friday earthquake -- Japanese disasters -- Surviving an earthquake -- Glossary.
520 2 _a"Describes history's biggest and most destructive earthquakes from around the world"--
_cProvided by publisher.
521 2 _aGrades 4 to 6.
650 0 _aEarthquakes
_xHistory
_vJuvenile literature.
776 0 8 _iOnline version:
_aBaker, John R. (John Ronald), 1989-
_tWorld's worst earthquakes
_dMankato, Minnesota : Capstone Press, 2017
_z9781515717942
_w(DLC) 2016000443
906 _a7
_bcbc
_corignew
_d1
_eecip
_f20
_gy-gencatlg
942 _2ddc
_cNFIC